LEADER 01139nam0 22002651i 450 001 UON00289568 005 20231205103915.755 100 $a20070309d1965 |0itac50 ba 101 $afre 102 $aIT 105 $a|||| 1|||| 200 1 $aˆLes ‰Contes de Bonaventure des Périers$econtribution à l'étude de la nouvelle française de la renaissance$fLionello Sozzi 210 $aTorino$cGiappichelli$d1965 215 $a501 p.$d26 cm. 410 1$1001UON00289701$12001 $aPubblicazioni della Facoltà di Lettere e Filosofia. Università di Torino$1210 $aTorino$cGiappichelli.$v16.2 606 $aDES PÉRIERS BONAVENTURE$3UONC062424$2FI 620 $aIT$dTorino$3UONL000014 700 1$aSozzi$bLionello$3UONV113501$0131091 712 $aGiappichelli$3UONV258140$4650 801 $aIT$bSOL$c20250627$gRICA 899 $aSIBA - SISTEMA BIBLIOTECARIO DI ATENEO$2UONSI 912 $aUON00289568 950 $aSIBA - SISTEMA BIBLIOTECARIO DI ATENEO$dSI II B DES PE SOZ $eSI SFR1703 7 996 $aContes de Bonaventure des Périers$9139530 997 $aUNIOR LEADER 01453nam0 22003613i 450 001 NAP0415324 005 20251003044250.0 010 $a0262730820$bpbk 010 $a0273088017 100 $a20080828d1989 ||||0itac50 ba 101 | $aeng 102 $agb 181 1$6z01$ai $bxxxe 182 1$6z01$an 200 1 $aOptimizing supercompilers for supercomputers $fMichael Wolfe 210 $aLondon$cPitman$aCambridge (MA)$cMIT press$d1989 215 $a165 p.$d25 cm 225 | $aResearch monographs in parallel and distributed computing 300 $aBibliografia: P. 160-165. 410 0$1001MIL0134624$12001 $aResearch monographs in parallel and distributed computing 606 $aSuperelaboratori elettronici$2FIR$3CFIC061197$9I 606 $aCompilatori $2FIR$3CFIC078686$9I 676 $a005.4$9PROGRAMMAZIONE E PROGRAMMI DI SISTEMA$v14 676 $a005.453$9Traduttori dei linguaggi di programmazione. Compilatori$v22 700 1$aWolfe$b, Michael Joseph$f <1954- >$3NAPV107625$4070$0770893 801 3$aIT$bIT-000000$c20080828 850 $aIT-BN0095 901 $bNAP 01$cSALA DING $n$ 912 $aNAP0415324 950 0$aBiblioteca Centralizzata di Ateneo$c1 v.$d 01SALA DING 005.4 WOL.op$e 0102 0000006655 VMA A4 1 v.$fY $h19940207$i19940207 977 $a 01 996 $aOptimizing supercompilers for supercomputers$91573103 997 $aUNISANNIO